Les dix pays qui dorment le plus - Statistiques

Statistiques générales
  • Ce quiz a été pris 229 fois
  • Le résultat moyen est 6 sur 10
Statistiques - réponses
temps de sommeil Pays % Correct
8h03 France
96%
7h52 États-Unis
87%
7h53 Italie
81%
7h54 Royaume-Uni
78%
7h58 Canada
76%
8h01 Belgique
68%
8h05 Pays-Bas
56%
8h01 Australie
54%
8h04 Nouvelle-Zélande
31%
7h57 Émirats Arabes Unis
7%
Aucun quiz correspondant
Distribution des résultats
% des personnes avec chaque résultat
Percentile par nombre de réponses
Votre historique - résultats
Vous n’avez pas pris ce quiz